000 00432nam a2200157Ia 4500
008 230711s9999||||xx |||||||||||||| ||und||
041 _aENG
082 _a621.314
_bBU-I
100 _aBureau of Indian Standard
245 0 _aSI : 2026 Pt III
_bSpecification fro power transformers Pt III
250 _a1st
260 _c1981
_aNew Delhi
_bBureau of Indian Standard
300 _a42
650 _aElectrical Engineering
942 _cBK
999 _c1555
_d1555